000 00702cam a2200145 4500500
005 20260208005838.0
041 _afre
042 _adc
100 1 0 _aBernadet, Arnaud
_eauthor
245 0 0 _aRUTH AMOSSY et DOMINIQUE MAINGUENEAU (dir.), L’Analyse du discours dans les études littéraires. Toulouse, Presses Universitaires du Mirail, coll. Cribles - Théories de la littérature, 2003. Un vol. 21,5 × 13,5 de 488 p.
260 _c2005.
500 _a3
786 0 _nRevue d'histoire littéraire de la France | 105 | 4 | 2005-10-01 | p. 1031za-1076za | 0035-2411
856 4 1 _uhttps://shs.cairn.info/revue-d-histoire-litteraire-de-la-france-2005-4-page-1031za?lang=fr&redirect-ssocas=7080
999 _c1654063
_d1654063